Logo-uri de marcă #1 - Statistics

General Stats
  • This quiz has been taken 8 times
  • The average score is 19 of 20
Answer Stats
Picture Answer % Correct
Adidas
100%
Amazon
100%
Apple
100%
Dacia
100%
Lego
100%
Lidl
100%
McDonald's
100%
Microsoft
100%
Pepsi
100%
Puma
100%
Shell
100%
Snapchat
100%
Spotify
100%
Starbucks
100%
Taco Bell
100%
Twitter
100%
Wikipedia
100%
Borsec
86%
JetPunk
86%
TAROM
71%
No matching quizzes found
Score Distribution
Percent of People with Each Score
Percentile by Number Answered
Your Score History
You have not taken this quiz